| 000 -CABECERA |
| Longitud fija campo de control |
00523nam a22001817a 4500 |
| 003 - IDENTIFICADOR DEL NÚMERO DE CONTROL |
| Identificador del número de control |
OSt |
| 005 - FECHA Y HORA DE LA ÚLTIMA TRANSACCIÓN |
| Fecha y hora de la última transacción |
20131105161408.0 |
| 008 - CÓDIGOS DE INFORMACIÓN DE LONGITUD FIJA |
| Códigos de información de longitud fija |
130625s1972 sp ||||| |||||00| 0 spa d |
| 040 ## - FUENTE DE LA CATALOGACIÓN |
| Centro transcriptor |
CDMR |
| 100 1# - PUNTO DE ACCESO PRINCIPAL-NOMBRE DE PERSONA |
| 9 (RLIN) |
3882 |
| Nombre de persona |
Iglesia, Juan Antonio de la |
| 245 10 - MENCIÓN DE TÍTULO |
| Título |
Cómo se hacen los tebeos |
| Mención de responsabilidad, etc. |
Juan Antonio de la Iglesia |
| 260 ## - PUBLICACIÓN, DISTRIBUCIÓN, ETC. (PIE DE IMPRENTA) |
| Lugar de publicación, distribución, etc. |
[Madrid |
| Nombre del editor, distribuidor, etc. |
Red Nacional de Teleclubs |
| Fecha de publicación, distribución, etc. |
DL 1972] |
| 300 ## - DESCRIPCIÓN FÍSICA |
| Extensión |
45 p. |
| Otras características físicas |
il. |
| 490 ## - MENCIÓN DE SERIE |
| Mención de serie |
Serie Divulgación |
| 650 04 - PUNTO DE ACCESO ADICIONAL DE MATERIA - TÉRMINO DE MATERIA |
| 9 (RLIN) |
3084 |
| Término de materia o nombre geográfico como elemento inicial |
Humorisme gràfic |
| 650 04 - PUNTO DE ACCESO ADICIONAL DE MATERIA - TÉRMINO DE MATERIA |
| 9 (RLIN) |
3883 |
| Término de materia o nombre geográfico como elemento inicial |
Còmics |
| Subdivisión de materia general |
Tècnica |
| 942 ## - ENTRADA DE ELEMENTOS AGREGADOS (KOHA) |
| Fuente de clasificaión o esquema |
|
| Koha [por defecto] tipo de item |
Fullets |